| 000 | 00618nam a2200217 a 4500 | ||
|---|---|---|---|
| 001 | 72080 | ||
| 003 | BD-RjUL | ||
| 005 | 20211209082217.0 | ||
| 008 | 170513s1956 enka 001 0 eng | ||
| 035 | _a(BD-RjUL)72296 | ||
| 040 |
_aDLC _cYUS _dUKM _dEQO _dBD-RjUL _beng |
||
| 041 | _aeng | ||
| 082 |
_223 _a547.28 _bTOP 1956 |
||
| 100 | 1 |
_aTompa, H. _9213176 |
|
| 245 | 1 | 0 |
_aPolymer solutions / _cHans Tompa |
| 260 |
_aLondon : _bButterworths Scientific Publications, _c1956. |
||
| 300 |
_a325 p. : _bill. ; _c23 cm. |
||
| 504 | _aIncludes bibliography and index | ||
| 650 | 0 |
_aPolymerization. _9213177 |
|
| 942 |
_2ddc _cBK |
||
| 999 |
_c72080 _d72080 |
||